| 000 | 00778nam a2200217 a 4500 | ||
|---|---|---|---|
| 005 | 20241012063832.0 | ||
| 008 | 991125s1993 san 000 0 spa u | ||
| 020 | _a9561308486 | ||
| 035 | _aUPN01000033547 | ||
| 049 | _aCG | ||
| 050 | 4 |
_aLB1139.5 M3 _bCH3.4 |
|
| 100 | 1 |
_aChadwick Weinstein, Mariana _938888 |
|
| 245 | 1 | 0 |
_aJuegos de razonamiento lógico : _bevaluación y desarrollo de las nociones de seriación, conservación y clasificación / _cMariana Chadwick, Isabel Tarky. |
| 260 |
_aSantiago de Chile : _bA. Bello, _c1993. |
||
| 650 | 4 |
_aJuegos educativos _93952 |
|
| 650 | 4 |
_aLógica simbólica y matemática _93581 |
|
| 650 | 4 |
_aMatemáticas _xEstudio y enseñanza (Preescolar) _94038 |
|
| 700 | 2 |
_aTarky, Isabel, _ecoaut. |
|
| 905 | _aLibro | ||
| 999 |
_c33547 _d33547 |
||